LEADER 01048nam0 22002893i 450 001 RMS0056560 005 20231121125807.0 010 $a0127640703 100 $a20141021d1998 ||||0itac50 ba 101 | $aeng 102 $aus 181 1$6z01$ai $bxxxe 182 1$6z01$an 200 1 $aApplied spectroscopy$ea compact reference for practitioners$fedied by Jerry Workman, jr., Art W. Springsteen 210 $aSan Diego $cAcademic press$dc1998 215 $aXV, 539 p.$cill.$d23 cm 606 $aAnalisi spettrale$2FIR$3RMLC382967$9I 676 $a621.361$9$v21 702 1$aWorkman$b, Jerry$c $3RMSV029457 801 3$aIT$bIT-01$c20141021 850 $aIT-FR0099 899 $aBiblioteca Area Ingegneristica$bFR0099 912 $aRMS0056560 950 0$aBiblioteca Area Ingegneristica$d 54DMS 621.36 APP$e 54VM 0000473555 VM barcode:BAIN002650. - Inventario:1414MVM$fA $h20040906$i20121204 977 $a 54 996 $aApplied spectroscopy$92416332 997 $aUNICAS LEADER 02092nam0 22004333i 450 001 NAP0129091 005 20251003044244.0 100 $a20190612d1965 ||||0itac50 ba 101 | $aita 102 $ait 181 1$6z01$ai $bxxxe 182 1$6z01$an 183 1$6z01$anc$2RDAcarrier 200 1 $aˆLa ‰rivoluzione musulmana ed i paesi afro-asiatici$el'islamismo come sistema politico$fGiovanni Iannettone 210 $aNapoli$cEdizioni Scientifiche Italiane$dstampa 1965 215 $a415 p.$d24 cm. 225 | $aSussidi$v6 410 0$1001MIL0134170$12001 $aSussidi$v6 606 $aIslamismo$2FIR$3CFIC003769$9E 606 $aIslamismo$xStoria$xOrigini-Sec. 20$2FIR$3LO1C007493$9I 676 $a297.197$9ISLAMISMO. TEOLOGIA SOCIALE, RELAZIONI, ATTEGGIAMENTI DELL'ISLAMISMO.$v21 676 $a297.272$9ISLAMISMO E POLITICA$v21 676 $a320$9Scienza politica$v14 696 $aMaomettanesimo$aIslam 696 $aMaomettanesimo$aIslam 699 $aIslamismo$yMaomettanesimo 699 $aIslamismo$yIslam 699 $aIslamismo$yMaomettanesimo 699 $aIslamismo$yIslam 700 1$aIannettone$b, Giovanni$c $3CFIV051015$4070$0232339 801 3$aIT$bIT-000000$c20190612 850 $aIT-BN0095 $aIT-NA0043 $aIT-NA0079 $aIT-NA0230 $aIT-BN0015 901 $bNAP BN$cF.PONTIERI$nIl Fondo è escluso dal servizio di prestito. La consegna dei documenti è effettuata dall'Ufficio Distribuzione 901 $bNAP 01$cPOZZO LIB.$nVi sono collocati fondi di economia, periodici di ingegneria e scienze, periodici di economia e statistica e altri fondi comprendenti documenti di economia pervenuti in dono. 912 $aNAP0129091 950 0$aBiblioteca Centralizzata di Ateneo$c1 v.$d 01POZZO LIB.ECON MON 9147$e 0101 0000094275E VMA 1 v. (precedente collocazione: GUERRAZZI B 761)$fB $h20071217$i20071217 977 $a 01$a AN$a BN$a IR$a PB 996 $aRivoluzione musulmana ed i paesi Afro-Asiatici$993241 997 $aUNISANNIO